<?xml version="1.0" encoding="UTF-8"?>
<record
    xmlns:xsi="http://www.w3.org/2001/XMLSchema-instance"
    xsi:schemaLocation="http://www.loc.gov/MARC21/slim http://www.loc.gov/standards/marcxml/schema/MARC21slim.xsd"
    xmlns="http://www.loc.gov/MARC21/slim">

  <leader>00536cam a2200181 a 4500</leader>
  <controlfield tag="001">unk83024514 </controlfield>
  <controlfield tag="003">DLC</controlfield>
  <controlfield tag="005">20260227112800.0</controlfield>
  <controlfield tag="008">830721q19001983le a          000 0 armo </controlfield>
  <datafield tag="010" ind1=" " ind2=" ">
    <subfield code="a">unk83024514 </subfield>
    <subfield code="z">   94963779 </subfield>
  </datafield>
  <datafield tag="040" ind1=" " ind2=" ">
    <subfield code="a">DLC</subfield>
    <subfield code="c">DLC</subfield>
    <subfield code="d">DLC</subfield>
  </datafield>
  <datafield tag="050" ind1="0" ind2="0">
    <subfield code="a">PK8548.P34</subfield>
    <subfield code="b">H3</subfield>
  </datafield>
  <datafield tag="100" ind1="1" ind2=" ">
    <subfield code="a">P&#x113;rp&#x113;rean, Harut&#x2BB;iwn.</subfield>
  </datafield>
  <datafield tag="245" ind1="1" ind2="0">
    <subfield code="a">Haght&#x2BB;anak&#x11B; hamerginn &#x113; /</subfield>
    <subfield code="c">Harut&#x2BB;iwn P&#x113;rp&#x113;rean.</subfield>
  </datafield>
  <datafield tag="260" ind1=" " ind2=" ">
    <subfield code="a">[Beirut, Lebanon :</subfield>
    <subfield code="b">"Tparan Mesrop"]</subfield>
    <subfield code="c">[19--]</subfield>
  </datafield>
  <datafield tag="300" ind1=" " ind2=" ">
    <subfield code="a">382 p. :</subfield>
    <subfield code="b">ill. ;</subfield>
    <subfield code="c">25 cm.</subfield>
  </datafield>
  <datafield tag="500" ind1=" " ind2=" ">
    <subfield code="a">Poems and short stories.</subfield>
  </datafield>
  <datafield tag="999" ind1=" " ind2=" ">
    <subfield code="c">91436</subfield>
    <subfield code="d">91436</subfield>
  </datafield>
</record>
